006130000a220009700045001000026000002450054000263000049000805000052001295200289001817730045004701 aSilva Romero, Ricardo10aCara y contra de la guerra : La dupla de Eastwood aVol.0, núm.13 (Octubre, 2006), Página 42 aEscritor, periodista y columnista de opinión. aUn inspirado Clint Eastwood estrenará este 20 de octubre en Estados Unidos la primera de dos películas consecutivas sobre la batalla de Iwo Jima en la Segunda Guerra Mundial. ¿Lo interesante? Eastwood se olvidó del maniqueísmo y muestra las dos versiones de un mismo asunto.0 tArcadia / Andrés Felipe Solano, Editor